000 00575nam a2200229Ia 4500
003 OSt
005 20220924134512.0
006 a|||||r|||| 00| 0
007 ta
008 220923b |||||||| |||| 00| 0 tam d
024 _a274835
037 _cTextual
040 _aARTS
_cARTS
_btam
041 _2tam
_atam
082 _aO31,1A,g(S:55), K2
100 _aManikkanar V. S.
_9208563
245 0 _aThamil kaadal
260 _c1962
650 _aTAMIL POETRY
942 _hO31,1A,g(S:55), K2
_cTEXL
_2CC
999 _c437490
_d437490